| 000 | 00782nam a22001817a 4500 | ||
|---|---|---|---|
| 010 | _aHIN-129734 | ||
| 020 |
_a9788188363940 _c1195.00 |
||
| 035 | _aHN-102080 | ||
| 037 | _bDBAD | ||
| 082 |
_22022 _a954.02 |
||
| 100 |
_aबघेल,वीरेन्द्र सिंह _981038 |
||
| 245 |
_aहिन्दू राजाओं का गौरवशाली इतिहास / _cवीरेन्द्र सिंह बघेल |
||
| 250 | _a2022 | ||
| 260 |
_aहरियाणा _bहिमानी पुस्तक भण्डार |
||
| 270 |
_a950/25, चिन्योट कालोनी, _bरोहतक _e124001 |
||
| 300 |
_a400पृ. _c23सेमी.(सजिल्द) |
||
| 942 |
_2ddc _cHN _h954.02 _mबघेल |
||
| 999 |
_c211165 _d211165 |
||